Score 0/7 Timer 03:00
0 Plays Today
Question Answer Wrong Answers
The ship known as the ________ lands at Plymouth Rock in what is now Massachusetts.
1620
Mayflower
96%
Santa Maria
2.4%
Cutty Sark
1.2%
Fortune
0.5%
This Austrian singer, whose family were the inspiration for The Sound of Music, is born in Zell am See, Salzburg.
1915
Werner von Trapp
94.1%
Ludwig Hirsch
2.2%
Udo Jürgens
1.1%
Elfie Mayerhofer
1.9%
This author of The Great Gatsby dies of a heart attack at age 44.
1940
F. Scott Fitzgerald
93.9%
J. D. Salinger
3.3%
John Updike
0.8%
E.M. Forster
1%
This music video becomes the first video to reach one billion views on YouTube.
2012
Gangnam Style
86.3%
Shape of You
2.5%
Blank Space
2%
Never Gonna Give You Up
7.4%
UN General Assembly votes 128 to 9 to denounce this country's decision to recognize Jerusalem as Israel's capital.
2017
United States
86.1%
Russia
3.5%
Iran
6.3%
North Korea
2.1%
Pan Am Flight 103 crashes in _________, Scotland after a bomb explodes on board.
1988
Lockerbie
83.4%
Aberdeen
10%
Paisley
1.1%
Dundee
3.8%
A Doll's House, by this playwright, debuts at the Royal Theatre in Copenhagen, Denmark.
1879
Henrik Ibsen
77.9%
Oscar Wilde
15%
Maxim Gorky
2.4%
Gustave Flaubert
4.2%
Remove Ads.
Support Sporcle.
Get the best of Sporcle when you Go Orange. This ad-free experience offers more features, more stats, and more fun while also helping to support Sporcle. Thank you for becoming a member.

You're not logged in!

Compare scores with friends on all Sporcle quizzes.
OR
Log In

Show Comments

Extras

Top Quizzes Today


Score Distribution

Your Account Isn't Verified!

In order to create a playlist on Sporcle, you need to verify the email address you used during registration. Go to your Sporcle Settings to finish the process.

Report this User

Report this user for behavior that violates our Community Guidelines.

Details: